[Event "AUT-ch U10 Boys+Girls"]
[Site "Imst"]
[Date "2011.06.25"]
[Round "4.12"]
[White "Kasticky, Lukas"]
[Black "Wurzer, Miriam"]
[Result "1-0"]
[WhiteElo "1206"]
[BlackElo "1343"]
[PlyCount "41"]
[EventDate "2011.06.24"]
[EventType "swiss"]
[EventRounds "7"]
[EventCountry "AUT"]
[SourceTitle "EXT 2024"]
[Source "ChessBase"]
[SourceDate "2023.10.10"]
[SourceVersion "1"]
[SourceVersionDate "2023.10.10"]
[SourceQuality "1"]

1. e4 c5 2. Nf3 d6 3. Bc4 a6 4. Nc3 Nf6 5. d3 g6 6. 0-0 Bg7 7. Bg5 0-0 8. Nd5 Nxd5 9. exd5 Bxb2 10. Rb1 Bg7 11. Qd2 Nd7 12. Bh6 b5 13. Bb3 Nb6 14. c4 Bd7 15. Bxg7 Kxg7 16. Qc3+ Kg8 17. Qd2 Rc8 18. Qh6 Re8 19. Ng5 Bf5 20. Qxh7+ Kf8 21. Qxf7# 1-0

[Event "AUT-ch U10 Boys+Girls"]
[Site "Imst"]
[Date "2011.06.24"]
[Round "2.8"]
[White "Kasticky, Lukas"]
[Black "Raith, Selina"]
[Result "0-1"]
[WhiteElo "1206"]
[BlackElo "1121"]
[PlyCount "42"]
[EventDate "2011.06.24"]
[EventType "swiss"]
[EventRounds "7"]
[EventCountry "AUT"]
[SourceTitle "EXT 2024"]
[Source "ChessBase"]
[SourceDate "2023.10.10"]
[SourceVersion "1"]
[SourceVersionDate "2023.10.10"]
[SourceQuality "1"]

1. e4 e5 2. Nf3 Nc6 3. d4 d6 4. d5 Nb4 5. Bd2 a5 6. a3 Na6 7. Bxa6 Rxa6 8. 0-0 Nf6 9. Bg5 g6 10. Bxf6 Qxf6 11. Nc3 Bg4 12. h3 Bh5 13. Nb5 Rb6 14. Nxc7+ Ke7 15. g4 Qf4 16. gxh5 gxh5 17. h4 Rg8+ 18. Kh1 Rxb2 19. c3 Qf6 20. Qa4 Qxf3+ 21. Kh2 Qg2# 0-1